| 000 | 00740nam a22002177a 4500 | ||
|---|---|---|---|
| 999 |
_c13931 _d13931 |
||
| 003 | AR-CdUCM | ||
| 008 | 190416b ||||| |||| 00| 0 spa d | ||
| 020 | _a978-9972-09-007-3 | ||
| 040 |
_aMUNICIPALIDAD PROVINCIAL DEL CUSCO _cBIBLIOTECA MUNICIPAL DEL CUSCO |
||
| 082 |
_aEP / 803 / _bP33 |
||
| 100 |
_aPaz, Andrea _924599 |
||
| 245 | _aTutunki / | ||
| 260 |
_aLima : _bGrupo editorial Norma, _c2008. |
||
| 300 |
_a60 paginas ; _c20 cm. |
||
| 440 |
_aColección torre de papel azul. _932496 |
||
| 505 | _aContenido :Pimpiro -- Tutunki -- Un encuentro -- El mono choro -- Chorito y cuquin -- Unas mascotas talentosas ... | ||
| 650 |
_aCuentos _9217 |
||
| 650 |
_aHistorietas _910786 |
||
| 942 |
_2ddc _cLIBROS |
||
| 945 |
_arum _d2019-04-16 |
||